Grades de la Marine nationale française - Images. - Statistiques

Statistiques générales
  • Ce quiz a été pris 1 081 fois
  • Le résultat moyen est 13 sur 24
Statistiques - réponses
Par images Hint Réponse % Correct
Distinction Amiral de France
84%
Officiers généraux Amiral
79%
Officiers supérieurs Capitaine de frégate
69%
Officiers supérieurs Capitaine de corvette
68%
Officiers supérieurs Capitaine de vaisseau
68%
Officiers généraux Contre-Amiral
68%
Officiers généraux Vice-Amiral
68%
Officiers subalternes Lieutenant de vaisseau
62%
Officiers généraux Vice-Amiral d'escadre
62%
Officiers subalternes Aspirant
59%
Militaires du rang Matelot breveté
58%
Officiers mariniers supérieurs Major
57%
Officiers mariniers supérieurs Premier maître
57%
Officiers mariniers subalternes Maître
56%
Officiers mariniers supérieurs Maître principal
55%
Officiers mariniers subalternes Second maître
54%
Militaires du rang Mousse
53%
Officiers subalternes Enseigne de vaisseau de 1re classe
43%
Officiers subalternes Enseigne de vaisseau de 2e classe
42%
Militaires du rang Quartier-Maître de 2e classe
42%
Militaires du rang Quartier-Maître de 1re classe
41%
Officiers mariniers subalternes Élève Maistrancier
38%
Officiers mariniers subalternes Maistrancier
33%
Officiers subalternes Élève-officier
30%
Aucun quiz correspondant
Distribution des résultats
% des personnes avec chaque résultat
Percentile par nombre de réponses
Votre historique - résultats
Vous n’avez pas pris ce quiz